| 000 | 00731nam a2200301Ia 4500 | ||
|---|---|---|---|
| 005 | 20250425162709.0 | ||
| 008 | 250425s9999 xx 000 0 und d | ||
| 020 | _a9789251060643 | ||
| 041 | _aeng | ||
| 043 | _ait | ||
| 082 | _a639.4 | ||
| 100 | _aGARCIA, SERGE | ||
| 245 | 0 | _aTOWARDS INTEGRATED ASSESSMENT AND ADVICE IN SMALL SCALE FISHERIES | |
| 250 | _aS.E | ||
| 260 |
_aItalia _bFAO _c2008 |
||
| 260 | _aROMA | ||
| 300 | _a84 | ||
| 650 | _aPESQUERIA | ||
| 700 | _aALLISON, EDWARD H | ||
| 700 | _aANDREW, NEIL | ||
| 700 | _aBENE, CHRISTOPHE | ||
| 700 | _aBIANCHI, GABRIELA | ||
| 700 | _aDE GRAAF, GERTJAN | ||
| 700 | _aKALIKOSKI, DANIELA | ||
| 700 | _aMAHON, ROBIN | ||
| 942 | _c01 | ||
| 010 | _a97373 | ||
| 999 |
_c234593 _d234593 |
||